000 nam a22 7a 4500
999 _c8100
_d8100
008 171128b xxu||||| |||| 00| 0 eng d
100 _aGupta.S.
_94545
245 _aBarbeque
260 _aNew Delhi
_bBABA
_c1999